000 00446nam a2200169Ia 4500
005 20240626084543.0
008 240126s9999 xx 000 0 und d
020 _a9789389802405
082 _a641.3 MAN;1 R
100 _aManay, N Shakuntala. Shadaksharaswamy, M.
245 0 _aFoods : facts and principles
250 _a4th ed.
260 _bNew Age International
_aLondon
_c2021
300 _axxxi, 544
440 _aNULL
942 _cPU
999 _c292962
_d292962